000 00427nam a2200157Ia 4500
003 GCL
008 140319s9999 xx 000 0 eng d
040 _aGCL /
_cGCL
082 0 4 _a669
_bB E
100 1 _aBODSWORTH, COLIN
245 1 0 _aTHE EXTRACTION AND REFINING OF METALS /
_cBODSWORTH, COLIN
260 _a[S.N] :
_bCRC PRESS ،
_c1994
650 0 4 _aMETAL - REFINING
650 0 4 _aEXTRACTION (CHEMISTRY)
942 _2ddc
_cBK
999 _c10686
_d10686